[Event "Sotra Varturneringen"]
[Site "Sotra"]
[Date "2006.04.06"]
[Round "7"]
[White "Blom, Geir"]
[Black "Andersen, Reidar"]
[Result "1-0"]
[WhiteElo "1252"]
[BlackElo "1220"]
[PlyCount "55"]
[EventDate "2006.01.19"]
[EventType "swiss"]
[EventRounds "9"]
[EventCountry "NOR"]
[SourceTitle "EXT 2007"]
[Source "ChessBase"]
[SourceDate "2006.11.23"]
[SourceVersion "1"]
[SourceVersionDate "2006.11.23"]
[SourceQuality "1"]

1. e4 e5 2. Nf3 Nc6 3. Bb5 Nge7 4. c3 h6 5. d4 exd4 6. cxd4 a6 7. Ba4 b5 8. Bb3 Ng6 9. 0-0 Be7 10. Nc3 0-0 11. a4 b4 12. Nd5 a5 13. Re1 d6 14. Nf4 Nxf4 15. Bxf4 Rb8 16. Qd3 Na7 17. Bc2 f5 18. Bb3+ Kh8 19. e5 Rb6 20. d5 dxe5 21. Nxe5 Bd6 22. Ng6+ Kg8 23. Bxd6 Rxd6 24. Nxf8 Qxf8 25. Re5 Qf6 26. Rae1 Kh7 27. Qe3 Bb7 28. Qxa7 1-0

[Event "Sotra Varturneringen"]
[Site "Sotra"]
[Date "2006.03.23"]
[Round "5"]
[White "Andersen, Reidar"]
[Black "Frimanslund, Berge"]
[Result "1-0"]
[WhiteElo "1220"]
[BlackElo "1116"]
[PlyCount "107"]
[EventDate "2006.01.19"]
[EventType "swiss"]
[EventRounds "9"]
[EventCountry "NOR"]
[SourceTitle "EXT 2007"]
[Source "ChessBase"]
[SourceDate "2006.11.23"]
[SourceVersion "1"]
[SourceVersionDate "2006.11.23"]
[SourceQuality "1"]

1. e4 e5 2. Nf3 Nc6 3. Nc3 Nf6 4. d3 Bb4 5. Bd2 0-0 6. Be2 d6 7. h3 h6 8. 0-0 Ba5 9. a3 Bb6 10. Na4 Nd4 11. Nxd4 Bxd4 12. c3 Bb6 13. Nxb6 axb6 14. f4 Nh7 15. f5 d5 16. Qe1 f6 17. Bh5 Bd7 18. Qg3 Kh8 19. Bg6 Qe7 20. Rf2 c6 21. h4 dxe4 22. dxe4 Ra4 23. Re1 c5 24. Rfe2 Rd8 25. Bxh7 Kxh7 26. Kh2 Bc6 27. Bc1 Rg8 28. Qh3 h5 29. Qe3 Be8 30. Qf2 g6 31. b3 Ra8 32. Qe3 g5 33. g3 Rg7 34. Rg1 Bf7 35. Reg2 g4 36. c4 Be8 37. Rd2 b5 38. Rgd1 bxc4 39. bxc4 b5 40. cxb5 Bxb5 41. Rd5 Rc8 42. R1d2 Ba4 43. Rb2 c4 44. Rb4 Bb3 45. Rdb5 Rd8 46. Rd5 Kh8 47. Rb7 Qxb7 48. Rxd8+ Rg8 49. Qh6+ Qh7 50. Qxf6+ Qg7 51. Rxg8+ Kxg8 52. Qe6+ Kh7 53. Bb2 Qa7 54. Qg6+ 1-0

[Event "Sotra Hostturneringen"]
[Site "Sotra"]
[Date "2005.10.20"]
[Round "6"]
[White "Andersen, Reidar"]
[Black "Frimanslund, Berge"]
[Result "0-1"]
[WhiteElo "1220"]
[BlackElo "1084"]
[PlyCount "114"]
[EventDate "2005.08.25"]
[EventType "swiss"]
[EventRounds "9"]
[EventCountry "NOR"]
[SourceTitle "EXT 2007"]
[Source "ChessBase"]
[SourceDate "2006.11.23"]
[SourceVersion "1"]
[SourceVersionDate "2006.11.23"]
[SourceQuality "1"]

1. e4 e5 2. Nf3 Nc6 3. Nc3 Nf6 4. a3 Bc5 5. Be2 0-0 6. 0-0 Bd4 7. d3 Bxc3 8. bxc3 d5 9. Bg5 dxe4 10. Bxf6 Qxf6 11. dxe4 Qf4 12. Nd2 Rd8 13. Bd3 Ne7 14. Qe2 a6 15. Rfe1 b5 16. Qe3 Ng6 17. Nf3 Bg4 18. Qxf4 Nxf4 19. Nxe5 Be6 20. Rad1 c5 21. g3 Nh3+ 22. Kg2 Ng5 23. f4 Bh3+ 24. Kf2 Ne6 25. Nf3 c4 26. Be2 Nc5 27. Nd2 Rxd2 28. Rxd2 Nxe4+ 29. Ke3 Nxd2 30. Kxd2 Rd8+ 31. Ke3 Bf5 32. Rd1 Re8+ 33. Kd2 g6 34. Bf3 Rd8+ 35. Kc1 Re8 36. Bb7 Re3 37. Bxa6 Rxc3 38. Rd2 Rxa3 39. Bxb5 c3 40. Rd8+ Kg7 41. Kb1 Be6 42. Bd3 Ba2+ 43. Kc1 Be6 44. Kd1 Bg4+ 45. Ke1 Ra1+ 46. Kf2 Rd1 47. Re8 Rd2+ 48. Ke3 Rxh2 49. Kd4 Be6 50. Kxc3 Rg2 51. Rd8 Rxg3 52. Rd4 h5 53. Kd2 f5 54. Ke2 Rg4 55. c4 h4 56. c5 h3 57. Bc2 h2 0-1

[Event "Warsaw AIG Life rapid 3rd-4th"]
[Site "Warsaw"]
[Date "2005.01.20"]
[Round "1"]
[White "Andersen, Reidar"]
[Black "Mamedov, Nidjat"]
[Result "1-0"]
[WhiteElo "1220"]
[BlackElo "1574"]
[PlyCount "74"]
[EventDate "2005.12.17"]
[EventType "match (rapid)"]
[EventRounds "2"]
[EventCountry "POL"]
[SourceTitle "EXT 2007"]
[Source "ChessBase"]
[SourceDate "2006.11.23"]
[SourceVersion "1"]
[SourceVersionDate "2006.11.23"]
[SourceQuality "1"]

1. e4 e5 2. Nf3 f5 3. d3 Nc6 4. exf5 d5 5. a3 Bxf5 6. Nc3 Be7 7. Be2 e4 8. dxe4 dxe4 9. Qxd8+ Rxd8 10. Nd2 e3 11. fxe3 Bxc2 12. 0-0 Ne5 13. Nf3 Nxf3+ 14. Bxf3 c6 15. Rf2 Bb3 16. Ne4 Nh6 17. Bd2 0-0 18. Bc3 Nf5 19. Re2 Nd6 20. Bb4 Nf5 21. Bxe7 Nxe7 22. Nc5 Bc4 23. Rc2 b5 24. b3 Bd5 25. e4 Bf7 26. Rac1 Ng6 27. Bh5 Ne5 28. Bxf7+ Rxf7 29. Rf1 Rxf1+ 30. Kxf1 Ng4 31. Ke2 Nxh2 32. Nd3 Re8 33. Ke3 Re6 34. Nf4 Ng4+ 35. Kf3 Ne5+ 36. Ke3 Rd6 37. Rc3 h6 1-0

[Event "Sotra Varturneringen"]
[Site "Sotra"]
[Date "2003.03.20"]
[Round "5"]
[White "Andersen, Reidar"]
[Black "Frimanslund, Berge"]
[Result "0-1"]
[WhiteElo "1233"]
[BlackElo "853"]
[PlyCount "97"]
[EventDate "2003.01.??"]
[EventType "tourn"]
[EventRounds "10"]
[EventCountry "NOR"]
[SourceTitle "EXT 2005"]
[Source "ChessBase"]
[SourceDate "2004.11.15"]
[SourceVersion "1"]
[SourceVersionDate "2004.11.15"]
[SourceQuality "1"]

1. e4 e5 2. Nf3 d6 3. Nc3 Bg4 4. Be2 Nc6 5. d3 h6 6. Nd5 Bxf3 7. Bxf3 Nd4 8. Bg4 c6 9. Ne3 Nf6 10. Bh3 Be7 11. c3 Nb5 12. Nf5 0-0 13. 0-0 Nc7 14. f4 Ne6 15. fxe5 dxe5 16. Qf3 Nh7 17. Qg3 Neg5 18. Kh1 Bf6 19. Bg4 g6 20. Nh4 Nxe4 21. dxe4 Bxh4 22. Qxe5 Nf6 23. Bf3 Re8 24. Qf4 Bg5 25. Rd1 Qxd1+ 26. Bxd1 Bxf4 27. Bxf4 Rxe4 28. Bg3 h5 29. Bf3 Re6 30. h3 Ne4 31. Be1 Rae8 32. Kg1 Ng5 33. Bf2 Nxf3+ 34. gxf3 Re2 35. b4 a6 36. Kf1 Rc2 37. a4 Rxc3 38. Kg2 Re2 39. Kg3 h4+ 40. Kg2 Rcc2 41. Rf1 Rb2 42. b5 cxb5 43. axb5 axb5 44. Kg1 b4 45. f4 b3 46. Kg2 Rbc2 47. Kf3 Rxf2+ 48. Rxf2 Rxf2+ 49. Kxf2 0-1

[Event "Sotra op"]
[Site "Sotra"]
[Date "2002.09.19"]
[Round "3"]
[White "Glesnes, Ivar Magne"]
[Black "Andersen, Reidar"]
[Result "1/2-1/2"]
[WhiteElo "578"]
[BlackElo "1233"]
[PlyCount "43"]
[EventDate "2002.08.??"]
[EventType "swiss"]
[EventRounds "9"]
[EventCountry "NOR"]
[SourceTitle "EXT 2005"]
[Source "ChessBase"]
[SourceDate "2004.11.15"]
[SourceVersion "1"]
[SourceVersionDate "2004.11.15"]
[SourceQuality "1"]

1. e4 e5 2. Nf3 d6 3. Nc3 Nf6 4. d3 Be7 5. h3 h6 6. Be2 Nc6 7. Be3 a6 8. Nd5 Nxd5 9. exd5 Na7 10. c4 0-0 11. Qd2 Bf5 12. Bd1 Bg6 13. Bc2 Nc8 14. b3 Bh7 15. Qe2 f5 16. Bd2 Nb6 17. 0-0 Nd7 18. Rfe1 b6 19. Nd4 exd4 20. Qxe7 Qxe7 21. Rxe7 Rad8 22. Rae1 1/2-1/2

[Event "Sotra op"]
[Site "Sotra"]
[Date "2001.11.15"]
[Round "8"]
[White "Andersen, Reidar"]
[Black "Fjeldstad, Kay Ove"]
[Result "1/2-1/2"]
[WhiteElo "1230"]
[BlackElo "1281"]
[PlyCount "104"]
[EventDate "2001.09.??"]
[EventType "swiss"]
[EventRounds "9"]
[EventCountry "NOR"]
[SourceTitle "EXT 2005"]
[Source "ChessBase"]
[SourceDate "2004.11.15"]
[SourceVersion "1"]
[SourceVersionDate "2004.11.15"]
[SourceQuality "1"]

1. e4 e6 2. Nf3 d5 3. exd5 exd5 4. d4 Nf6 5. Be2 Be7 6. Nc3 Bf5 7. 0-0 0-0 8. a3 Nbd7 9. Bf4 c5 10. Nb5 c4 11. Nc3 Rc8 12. Re1 Nb6 13. h3 Ne4 14. Nh2 Bh4 15. Nxe4 Bxe4 16. Bf3 Qf6 17. Be5 Qf5 18. Re2 f6 19. Bxe4 dxe4 20. Bg3 Bxg3 21. fxg3 Nd5 22. c3 Rfe8 23. Qc2 Qg6 24. Nf1 b5 25. Ne3 Nb6 26. g4 Re6 27. Rae1 h5 28. Rf1 Rce8 29. Rf5 hxg4 30. hxg4 a6 31. Qd1 Kf7 32. Rh5 Rd8 33. Kf2 Red6 34. Kg3 Nd5 35. Qf1 Nxe3 36. Rxe3 Rd5 37. Rxd5 Rxd5 38. Qf4 f5 39. Rxe4 Kg8 40. Re5 Rxe5 41. dxe5 fxg4 42. Qxg4 Qd3+ 43. Qf3 Qg6+ 44. Kf2 Qc2+ 45. Qe2 Qf5+ 46. Kg1 Qb1+ 47. Kh2 Kf7 48. Qh5+ g6 49. Qf3+ Qf5 50. Qd5+ Qe6 51. Qb7+ Ke8 52. Qb8+ Ke7 1/2-1/2